01481cam a22003378i 4500001001000000003000900010005001700019008004100036020002500077040004100102082002000143245029700163250001900460264003400479300005300513336002600566336003300592337002800625338002700653500002800680504005100708650002900759653002100788655002400809700003400833700003100867776003500898942001200933999001700945952018100962020162580EG-ScBUE20220306093330.0210409s2022 ne a f b 001 0 eng d a9780702078040 (pbk.) aStDuBDSbengerdacStDuBDSdEG-ScBUE04a615.19222bDRU00aDrug discovery and development :btechnology in transition /cedited by Raymond G. Hill, president emeritus, British pharmacological society, honorary professor of pharmacology, Imperial College, London, Duncan Richards, professor, clinical therapeutics, University of Oxford, United Kingdom. aThird edition. 1aAmsterdam :bElsevier,c2022. aix, 373 pages :billustrations (colour) ;c30 cm atext2rdacontentbtxt astill image2rdacontentbtxt aunmediated2rdamediabn avolume2rdacarrierbnc aPrevious edition: 2013. aIncludes bibliographical references and index. 7aDrug development.2BUEsh bPPhrmcMarch2022 vReading book9342321 aHill, Ray G.,d1945-eeditor.1 aRichards, Duncan,eeditor.08iebook version :z9780702078057 2ddccBB c29847d29818 00102ddc40708AlahramaMAINbMAINc1STd2022-03-06ePurchaseg1079.00h284l1m2o615.19 DRUp000056206q2025-05-29r2023-09-17 00:00:00s2023-09-17v1348.75w2022-03-06yBB